Ordenación, planificación y gestión del espacio litoral
Saved in:
| 主要作者: | |
|---|---|
| 格式: | 圖書 |
| 語言: | 西班牙语 |
| 出版: |
Barcelona
Oikos-Tau
1994
|
| 叢編: | Colección Estudios Geográficos
|
| 主題: | |
| 標簽: |
添加標簽
沒有標簽, 成為第一個標記此記錄!
|
MARC
| LEADER | 00000nam a2200000 a 4500 | ||
|---|---|---|---|
| 001 | UCN6045 | ||
| 003 | CL-VaPUC | ||
| 008 | 010913e19940000SP |||||||||||||||||spa|d | ||
| 082 | 0 | 4 | |a 551.457 |b BAR |2 21 |
| 100 | 0 | |a Barragán Muñoz, Juan Manuel |e author |9 461843 | |
| 245 | 1 | 0 | |a Ordenación, planificación y gestión del espacio litoral |
| 300 | |a 298 p | ||
| 942 | |c BK | ||
| 945 | |d 20010913 00:00:00 |a cmena | ||
| 260 | |a Barcelona |b Oikos-Tau |c 1994 | ||
| 650 | 0 | |a Playas |9 261647 | |
| 650 | 7 | |a ESPACIO LITORAL |2 CL-VaPUC |9 461844 | |
| 650 | 0 | |a Ecología |9 258124 | |
| 650 | 0 | |a Administración pública |9 255343 | |
| 583 | |a last modification |c 20190729 11:20:18 |k Rodrigo Vera | ||
| 490 | 0 | |a Colección Estudios Geográficos | |
| 999 | |c 297136 |d 297134 | ||
| 952 | |0 0 |1 0 |2 ddc |4 0 |6 551_457000000000000_BAR_1994 |7 0 |8 CCM |9 351610 |a BIBCUR |b BIBCUR |c PAC |d 2019-11-21 |i 3692388 |o 551.457 BAR 1994 |p 3692388 |r 2025-04-22 |w 2019-11-21 |y BK |k RNT | ||